| Tag |
First Indicator |
Second Indicator |
Subfields |
| LEADER |
00000cam a2200000 4500 |
| 001 |
in00000037377 |
| 005 |
20151007074243.0 |
| 008 |
750227s1921 nyuafg 00010 eng u |
| 010 |
|
|
|a 21008773
|
| 035 |
|
|
|a (OCoLC)01192626
|
| 035 |
|
|
|9 AAF1204AM
|
| 040 |
|
|
|c HEI
|d TXA
|d UtOrBLW
|
| 049 |
|
|
|a TXAM
|c [129955]
|
| 050 |
|
0 |
|a QL676
|b .M35 1921
|
| 092 |
|
|
|a 598.2
|b M429f, 1921
|
| 100 |
1 |
|
|a Mathews, F. Schuyler
|q (Ferdinand Schuyler),
|d 1854-1938.
|
| 245 |
1 |
0 |
|a Field book of wild birds and their music ;
|b a description of the character and music of birds, intended to assist in the identification of species common in the United States east of the Rocky mountains /
|c by F. Schuyler Mathews ... with numerous reproductions of water color and monotone studies of birds, and complete musical notations of bird songs by the author.
|
| 250 |
|
|
|a Rev. and enl. ed.
|
| 264 |
|
1 |
|a New York,
|a London :
|b Putnam,
|c [1921]
|
| 264 |
|
4 |
|c [©1921]
|
| 300 |
|
|
|a xlv, 325 pages :
|b color frontispiece, illustrations (including music) plates (part color) ;
|c 18 cm.
|
| 336 |
|
|
|a text
|b txt
|2 rdacontent
|
| 337 |
|
|
|a unmediated
|b n
|2 rdamedia
|
| 338 |
|
|
|a volume
|b nc
|2 rdacarrier
|
| 650 |
|
0 |
|a Birds.
|
| 650 |
|
0 |
|a Birdsongs.
|
| 999 |
|
|
|a MARS
|
| 999 |
f |
f |
|s 3f538d97-f29a-3b48-89c0-c8ed27f3853c
|i 5c5d385b-ba02-38dd-8cb6-c7f28d0294c1
|t 0
|
| 952 |
f |
f |
|p ric
|a Texas A&M University
|b Rellis Campus
|c Joint Library Facility
|d Remote Storage
|t 0
|e QL676 .M35 1921
|h Library of Congress classification
|i unmediated -- volume
|m A14801021860
|
| 998 |
f |
f |
|a QL676 .M35 1921
|t 0
|l Remote Storage
|